000 00379nam a2200145Ia 4500
005 20250729165747.0
008 250729s2012 xx 000 0 und d
041 _aeng
082 _a420.25 KARE
100 _aKarnataka Government
_9232349
245 _aEnglish - 8th Std
260 _aBangalore
_bKarnataka Text Book Socity
_c2012
300 _a152p
650 _aEnglish
_9232350
999 _c239738
_d239738